| 000 | nam a22 a 4500 | ||
|---|---|---|---|
| 999 |
_c2002 _d2002 |
||
| 003 | AKMAL | ||
| 005 | 20170512161937.0 | ||
| 008 | 170512s2006 my 000 0 may d | ||
| 020 | _a983922428X | ||
| 040 |
_aAKMAL _cAKMAL |
||
| 082 | 0 | 4 |
_a352.44809595 VIS _222 |
| 100 | 0 |
_aAbd. Rahman Abd. Hamid, _cDato' _94153 |
|
| 245 | 1 | 0 |
_aV10 : _bvisi Kastam impian kepada realiti / _c[editor] Aidid Tajuddin |
| 260 |
_aPutrajaya : _bUnit Perhubungan Awam Kastam Diraja Malaysia, _c2006 |
||
| 263 | _a200610 | ||
| 300 |
_ams. ; _ccm. |
||
| 610 | 1 | 4 |
_aMalaysia. _bJabatan Kastam dan Eksais Diraja _9190 |
| 650 | 2 | 0 |
_aCustoms administration _zMalaysia _9491 |
| 650 | 2 | 0 |
_aPublic administration _zMalaysia _9419 |
| 650 | 1 | 0 |
_aSpeeches, addresses, etc. _954 |
| 700 | 0 |
_aAidid Tajuddin _94154 |
|
| 942 |
_2ddc _cBOOK |
||